| 000 | 00000nam 2200000zi 4500 |
| 001 | 9.932463 |
| 003 | CaOODSP |
| 005 | 20240131120808 |
| 006 | m o d f |
| 007 | cr cn||||||||| |
| 008 | 240115t20242024quca ob f000 0 eng d |
| 020 | |a9780660696300 |
| 040 | |aCaOODSP|beng|erda|cCaOODSP |
| 043 | |an-cn-ab |
| 086 | 1 |aTU3-10/23-0103E-PDF |
| 110 | 2 |aTransportation Safety Board of Canada.|eauthor, |eissuing body. |
| 245 | 10|aLoss of control and collision with terrain, AFS Aerial Photography Inc., Cessna 152, C-GRCA, Claresholm Industrial Aerodrome (CEJ4), Alberta, 28 August 2023. |
| 264 | 1|aGatineau QC : |bTransportation Safety Board of Canada = Bureau de la sécurité des transports du Canada, |c2024. |
| 264 | 4|c©2024 |
| 300 | |a1 online resource (7 pages) : |bcolour illustration. |
| 336 | |atext|btxt|2rdacontent |
| 337 | |acomputer|bc|2rdamedia |
| 338 | |aonline resource|bcr|2rdacarrier |
| 490 | 1 |aAir transportation safety investigation report ; |vA23W0103 |
| 500 | |aIssued also in French under title: Perte de maîtrise et collision avec le relief, AFS Aerial Photography Inc., Cessna 152, C-GRCA, Aérodrome industriel de Claresholm (CEJ4) (Alberta), 28 août 2023. |
| 500 | |a"Released 24 January 2024." |
| 504 | |aIncludes bibliographical references. |
| 650 | 0|aAircraft accidents|xInvestigation|zAlberta. |
| 775 | 08|tPerte de maîtrise et collision avec le relief, AFS Aerial Photography Inc., Cessna 152, C-GRCA, Aérodrome industriel de Claresholm (CEJ4) (Alberta), 28 août 2023.|w(CaOODSP)9.932464 |
| 830 | #0|aAir transportation safety investigation brief ;|vA23W0103.|w(CaOODSP)9.845270 |
| 856 | 40|qPDF|s517 KB|uhttps://publications.gc.ca/collections/collection_2024/bst-tsb/TU3-10-23-0103-eng.pdf |
| 856 | 4 |qHTML|sN/A|uhttps://www.tsb.gc.ca/eng/enquetes-investigations/aviation/2023/a23w0103/a23w0103.html |